|
|
|
|
| LEADER |
00000nam a2200000 a 4500 |
| 001 |
vtls001291429 |
| 003 |
SK-MaSNL |
| 005 |
20260302032720.0 |
| 008 |
251029|1922 xo 00 01 slo |
| 015 |
|
|
|a SNBA2013/04
|
| 035 |
|
|
|a SNK000243102
|
| 040 |
|
|
|a SNK
|b slo
|c SNK
|e AACR2
|
| 041 |
0 |
|
|a slo
|
| 044 |
|
|
|a xo
|c SK
|
| 072 |
|
7 |
|a 821.162.4-3
|x Slovenská próza
|2 konspekt
|
| 072 |
|
7 |
|a 821-93
|x Literatúra pre mládež
|2 konspekt
|
| 080 |
|
|
|a 821.162.4-32
|2 2001
|
| 080 |
|
|
|a 821-93
|2 2001
|
| 100 |
1 |
|
|a Kukučín, Martin,
|d 1860-1928
|4 aut
|9 100266
|
| 245 |
1 |
0 |
|a Mladé letá
|b novela
|c Martin Kukučín
|
| 250 |
|
|
|a [1. vyd.]
|
| 260 |
|
|
|a V Turčianskom Sv. Martine
|b Matica slovenská
|c 1922
|
| 300 |
|
|
|a 203 s.
|c 19 cm
|
| 490 |
1 |
|
|a Čítanie študujúcej mládeže slovenskej
|v 3.
|
| 500 |
|
|
|a Dielo obsahuje štúdiu Júliusa Bottu
|
| 504 |
|
|
|a Poznámky ; slovníček ; vysvetlivky
|
| 655 |
|
7 |
|a slovenské novely
|2 SNKPH
|9 70570
|
| 655 |
|
7 |
|a Slovak novellas
|2 SNKPHeng
|9 286713
|
| 655 |
|
7 |
|a publikácie pre mládež
|2 SNKPH
|9 70434
|
| 655 |
|
7 |
|a Juvenile literature
|2 SNKPHeng
|9 278419
|
| 700 |
1 |
|
|a Botto, Július,
|d 1848-1926
|t Krátka historia slovenského evanjelického gymnázia veľkorevúckeho
|9 427028
|
| 710 |
2 |
|
|a Kníhtlačiarsky účastinársky spolok (Martin, Slovensko)
|4 prt
|9 93127
|
| 710 |
2 |
|
|a Matica slovenská
|4 pbl
|9 14662
|
| 752 |
|
|
|a Slovensko
|d Martin
|
| 830 |
|
0 |
|a Čítanie študujúcej mládeže slovenskej
|9 309720
|
| 958 |
|
|
|a LX
|
| 999 |
|
|
|c 1058024
|d 1059954
|
| 952 |
|
|
|a SNK
|b SNK
|y VYP
|7 0
|p 17A0074889
|o snkSD 612/3 D1
|0 0
|1 0
|4 0
|d 1997-06-20
|l 0
|r 2005-01-02 00:00:00
|w 2026-02-24
|
| 952 |
|
|
|a SNK
|b SNK
|y VYP
|7 0
|p 17A0124665
|o snkSD 612/3 D2
|0 0
|1 0
|4 0
|d 1998-02-20
|l 0
|r 2005-01-02 00:00:00
|w 2026-02-24
|
| 952 |
|
|
|a SNK
|b SNK
|y PREZ
|7 0
|p 17A0861280
|o snkSD 612/3
|i snk109/28
|0 0
|1 0
|4 0
|d 2013-04-24
|l 0
|r 2025-10-16 00:00:00
|w 2026-02-24
|